000 00850cad a22002295a 4500
001 L142795
008 071219s2007 xxkad f s 000 0 eng d
035 _a(Sirsi) u142795
041 0 _aeng
050 0 4 _a333.33 $2 18
110 2 _aInvestment Property Databank
_92288
245 0 0 _aIPD UK annual property index
_bend December 2007
_h[electronic resource]
260 _aLondon
_bIPD
_c2007
490 0 _aIPD UK Annual Index
_vend December 2007
520 _aReports the largest fall in direct property investments since 1990; the index stood at -3.4 for 2007.
590 _aKA NTK
650 2 4 _aIPD UK ANNUAL PROPERTY INDEX
651 4 _aUnited Kingdom
_y
690 _aPROPERTY-COMMERCIAL PROPERTY-COMMERCIAL PROPERTY MARKET
856 4 0 _uhttps://www.ipd.com/
_zView this report free of charge under indices at www. ipd.com...
942 _n0
999 _c107975
_d107975